Applied PC interfacing, graphics and interrupts / (Record no. 193388)
[ view plain ]
| 000 -LEADER | |
|---|---|
| fixed length control field | 01408 a2200253 4500 |
| 003 - CONTROL NUMBER IDENTIFIER | |
| control field | NUST |
| 005 - DATE AND TIME OF LATEST TRANSACTION | |
| control field | 20221025182929.0 |
| 010 ## - LIBRARY OF CONGRESS CONTROL NUMBER | |
| LC control number | 97105640 |
| 020 ## - INTERNATIONAL STANDARD BOOK NUMBER | |
| International Standard Book Number | 0201877287 (pbk) |
| 035 ## - SYSTEM CONTROL NUMBER | |
| System control number | (OCoLC)35637934 |
| 040 ## - CATALOGING SOURCE | |
| Transcribing agency | Nust |
| 082 00 - DEWEY DECIMAL CLASSIFICATION NUMBER | |
| Classification number | 006.62,BUC |
| 100 1# - MAIN ENTRY--PERSONAL NAME | |
| Personal name | Buchanan, William. |
| 9 (RLIN) | 95606 |
| 245 10 - TITLE STATEMENT | |
| Title | Applied PC interfacing, graphics and interrupts / |
| Statement of responsibility, etc. | William Buchanan. |
| 260 ## - PUBLICATION, DISTRIBUTION, ETC. | |
| Place of publication, distribution, etc. | Harlow, Eng. ; |
| -- | Reading, Mass. : |
| Name of publisher, distributor, etc. | Addison Wesley, |
| Date of publication, distribution, etc. | c1996. |
| 300 ## - PHYSICAL DESCRIPTION | |
| Extent | xv, 383 p. : |
| Other physical details | ill. ; |
| Dimensions | 24 cm. |
| 505 ## - FORMATTED CONTENTS NOTE | |
| Formatted contents note | Introduction (Page-1), Computer Input/ Output Cards (Page-10), Interfacing I/O Using the PPI (Page-29), Programmable timer/counter (Page-63), Analogue to Digital Conversion (Page-79), Serial Communications (Page-115), Accessing Memory directory (Page-157) , PC Video Text Memory (Page-170), PC Graphics Using Turbo/Borland C (Page-174), Interrupts (Page-191), Software Interrupts (Page-197), Hardware Interrupts (Page-214), Mouse Interfacing (Page-232), Reading Keys from the Keyboard (Page-241), Modems (Page-248), Disk Input /Output (Page -256), Parallel Printer interface (Page-274), Processor and IC Interface (Page-278). |
| 650 #0 - SUBJECT ADDED ENTRY--TOPICAL TERM | |
| Topical term or geographic name entry element | Computer graphics. |
| 9 (RLIN) | 1225 |
| 650 #0 - SUBJECT ADDED ENTRY--TOPICAL TERM | |
| Topical term or geographic name entry element | Computer input-output equipment. |
| 9 (RLIN) | 94614 |
| 650 #0 - SUBJECT ADDED ENTRY--TOPICAL TERM | |
| Topical term or geographic name entry element | Computer interfaces. |
| 650 #0 - SUBJECT ADDED ENTRY--TOPICAL TERM | |
| Topical term or geographic name entry element | Interface circuits. |
| 9 (RLIN) | 99543 |
| 650 #0 - SUBJECT ADDED ENTRY--TOPICAL TERM | |
| Topical term or geographic name entry element | Interrupts (Computer systems) |
| 9 (RLIN) | 101392 |
| 942 ## - ADDED ENTRY ELEMENTS (KOHA) | |
| Source of classification or shelving scheme | |
| Koha item type | Book |
| Call number prefix | 006.62,BUC |
| Withdrawn status | Lost status | Source of classification or shelving scheme | Damaged status | Not for loan | Permanent Location | Current Location | Shelving location | Date acquired | Full call number | Barcode | Date last seen | Price effective from | Koha item type | Public note |
|---|---|---|---|---|---|---|---|---|---|---|---|---|---|---|
| Military College of Signals (MCS) | Military College of Signals (MCS) | General Stacks | 12/12/2016 | 006.62,BUC | MCS5522 | 12/08/2016 | 12/12/2016 | Book | Almirah No.7, Shelf No.5 |
